00235 a2200085 450000500170000002000180001710000170003524500500005226000470010220260219122608.0 a9781647405229 aBARRY WAGNER aEnvironmental microbiology of aquatic systems bSyrawood publishing house, New Yorkc2025,